00715nam a2200169 a 450000100100000000500170001000800410002704000250006824500620009326000440015530000360019950001510023571000280038604900090041495201050042399900170052800002606920221102093910.0110228s1996 dr 000 0 spa d aDO-SdBNPbspacBNPHU00aCatálogo :bguía completa sobre la universidad APEC/. aSanto Domingo :bEditora Taller,c1996. a233 p. :bil., retrs. ;c22 cm. aSu identidad, planta física, actividades académicas, política universitaria, programas de grado, de nivel técnico, de posgrado y maestrias2 aUniversidad APEC930673 aBNPD 0010718PDaPDbPDcCTd2011-02-28iLF1l0o p26069-10r2020-06-25w2020-06-25yLFPDZNo se presta c25561d25561